Musical Acts by State - Vermont - Statistics

General Stats
  • This quiz has been taken 12 times
  • The average score is 1 of 30
Answer Stats
City/Town Songs Answer % Correct
Burlington Farmhouse | Sample In A Jar Phish
50%
Strafford False Confidence | Stick Season Noah Kahan
38%
Middlebury The General | Only The Wild Ones Dispatch
13%
Waitsfield Paris (Oh La La) | Stars Grace Potter and the Nocturnals
13%
Burlington Kuaga (Lost Time) | Waiting For Tomorrow Pierce Fulton
13%
Burlington F*ck No | Ripstick 99 Neighbors
0%
Rutland Country Boy | Am I The Only One Aaron Lewis
0%
Montpelier Wedding Song | Bright Star Anaïs Mitchell
0%
Proctor Motel | Get Up Caitlin Canty
0%
Dorset Sally Ann | Protect The Innocent Carling & Will
0%
Rutland Hey Brother | Man Of Constant Sorrow Dan Tyminski
0%
Brattleboro The Best Thing | The Burgundy Stain Doveman
0%
Burlington Alibis | Hallelujah Gregory Douglass
0%
Brattleboro Fireflies Made Out Of Dust | Fistful Of Butter Happy Jawbone Family Band
0%
Burlington Real Peach | Ether Garden Henry Jamison
0%
Jericho Bechdel Test | Twenty-Two Isabel Pless
0%
Montpelier Ghosts In His Eyes | Givin' Up Breathin' Jamie Lee Thurston
0%
Westford Baby Yoda Baby Baby Yoda | We've Got To Break Up Jonathan Mann
0%
Brattleboro Sun Medallion | Psycho Star King Tuff
0%
Burlington The Dance | International Lover Madaila
0%
New Haven Bring Me Little Water Sylvie | Meeting Is Over Moira Smiley
0%
Burlington The Longest Road | In The Air Morgan Page
0%
Brattleboro I'm Not A Good Person | I'm Going Home Pat the Bunny
0%
Marlboro Straight Line | Orphan Pete Bernhard
0%
Burlington Loud Pipes (Save Lives) | Run, Run Away Prydein
0%
Brattleboro Way Go Lily | Wedding Dress Sam Amidon
0%
Burlington Roads | Valhulla Strangefolk
0%
Brattleboro Inamorato | In Tandem THUS LOVE
0%
Castleton Lost In The Cold | When It Rains It Poors Twiddle
0%
Readsboro My Dog's Eyes | It Can Feel So Good Zammuto
0%
No matching quizzes found
Score Distribution
Percent of People with Each Score
Percentile by Number Answered
Your Score History
You have not taken this quiz